Manual de dramaturgia / (Record no. 126960)

MARC details
000 -LEADER
campo de control de longitud fija 01863nam a22002417a 4500
003 - IDENTIFICADOR DE NÚMERO DE CONTROL
campo de control BJBSDDR
005 - FECHA Y HORA DE LA ÚLTIMA TRANSACCIÓN
campo de control 20260429154458.0
007 - CAMPO FIJO DE DESCRIPCIÓN FÍSICA--INFORMACIÓN GENERAL
campo de control de longitud fija ta
008 - DATOS DE LONGITUD FIJA--INFORMACIÓN GENERAL
campo de control de longitud fija 260429b DR ||||| |||| 00| 0 spa d
020 ## - NÚMERO INTERNACIONAL ESTÁNDAR DEL LIBRO
Número Internacional Estándar del Libro 9789945165883
020 ## - NÚMERO INTERNACIONAL ESTÁNDAR DEL LIBRO
Número Internacional Estándar del Libro 9945165887
040 ## - FUENTE DE CATALOGACIÓN
Lengua de catalogación spa
Centro/agencia transcriptor BJBSDDR
041 ## - CÓDIGO DE IDIOMA
Código de lengua del texto/banda sonora o título independiente spa
050 ## - SIGNATURA TOPOGRÁFICA DE LA BIBLIOTECA DEL CONGRESO
Número de ítem G216 2013
100 1# - ENTRADA PRINCIPAL--NOMBRE DE PERSONA
Nombre de persona García Guerra, Iván
9 (RLIN) 48068
245 10 - MENCIÓN DEL TÍTULO
Título Manual de dramaturgia /
Mención de responsabilidad, etc. Iván García Guerra
250 ## - MENCION DE EDICION
Mención de edición Primera edición
260 ## - PUBLICACIÓN, DISTRIBUCIÓN, ETC.
Lugar de publicación, distribución, etc. Santo Domingo, República Dominicana :
Nombre del editor, distribuidor, etc. Editora Búho, S. R. L.,
Fecha de publicación, distribución, etc. 2013
300 ## - DESCRIPCIÓN FÍSICA
Extensión 261 páginas :
Otras características físicas ilustraciones ;
Dimensiones 25 cm
505 ## - NOTA DE CONTENIDO CON FORMATO
Nota de contenido con formato <br/>Para poder comenzar: Razón de ser de un Manual de Dramaturgia<br/>El autor y su obra: Dramaturgia<br/>El dramaturgo<br/>El dramaturgista<br/>La obra teatral<br/>Los elementos básicos: El contenido de la obra: La Tesis ; El Tema ; La Trama ; Los Personajes ; La Intriga<br/>Las fuerzas instintivas o los impulsos básicos<br/>El complejo característico. Los atributos<br/>La Situación<br/>El meollo del asunto :<br/>La estructura externa<br/>Algunas precisiones sobre acción y conflicto<br/>La estructura Interna<br/>Sobre los cuadros y los actos<br/>Necesarias precisiones formales: Géneros Teatrales : Tragedia ; Comedia ; Drama<br/>Las formas o escuelas teatrales : Forma Cerrada ; Forma Abierta<br/>Estilos Teatrales<br/>El complejo característico<br/>Y ahora las palabras :<br/>Cuándo hay que sentarse a escribir<br/>{Qué es escribir?<br/>La forma<br/>El diálogo<br/>El lenguaje teatral<br/>Para un final: {Qué teatro escribir en el futuro?<br/>Anexos: Poética Aristóteles: Capítulo I - Capítulo XXVI ; Biblioigrafía<br/>Poética de Aristóteles<br/>Epístola ad Pisones: Quinto Horacio Flaco<br/>El nuevo Arte de Hacer Comedias en Este Tiempo: Lope De Vega<br/>El Pequeño Órganon para Teatro: Bertolt Brecht : Valoración doctrinal<br/>Dramaturgia. Bibliografía parcial
942 ## - ELEMENTOS DE ENTRADA SECUNDARIOS (KOHA)
Fuente del sistema de clasificación o colocación Clasificación de Library of Congress
Suprimir en OPAC No
Tipo de ítem Koha Libro
946 ## - PROCESAMIENTO DE INFORMACIÓN LOCAL (OCLC)
Iniciales del agente catalogador cmc
Holdings
Estatus retirado Estado de pérdida Fuente del sistema de clasificación o colocación Estado de daño No para préstamo Colección Biblioteca de origen Biblioteca actual Ubicación en estantería Fecha de adquisición Signatura topográfica completa Código de barras Visto por última vez Copia número Tipo de ítem Koha
    Clasificación de Library of Congress     Automatización y Procesos Técnicos Biblioteca Juan Bosch Biblioteca Juan Bosch Automatización y Procesos Técnicos (1er. Piso) 29/04/2026 G216 2013 00000199737 29/04/2026 1 Libro